La virtud: síntesis de tiempo y eternidad, la ética en la Escuela de Atenas

Guardat en:
Dades bibliogràfiques
Autor principal: Sisón, Alejo G (Autor)
Format: Llibre
Idioma:espanyol
Publicat: Pamplona EUNSA 1992
Col·lecció:Colección Filosófica, 72
Matèries:
Etiquetes: Afegir etiqueta
Sense etiquetes, Sigues el primer a etiquetar aquest registre!

MARC

LEADER 00000nam a2200000 a 4500
001 UCM6044
003 CL-VaPUC
008 021025e19920000SP |||||||||||||||||spa|d
082 0 4 |a 179.9  |b SIS  |2 21 
100 0 |a Sisón, Alejo G  |e author  |9 472051 
245 1 3 |a La virtud: síntesis de tiempo y eternidad, la ética en la Escuela de Atenas 
300 |a 471 p 
942 |c BK 
945 |d 20021025 00:00:00  |a cmena 
260 |a Pamplona  |b EUNSA  |c 1992 
650 0 |a Ética  |9 255099 
650 0 |a Virtudes  |9 309526 
650 0 |a Comportamiento moral  |9 334569 
650 0 |a Filosofía griega  |9 265579 
583 |a last modification  |c 20021025 00:00:00  |k Rodrigo Vera 
490 0 |a Colección Filosófica, 72 
999 |c 301710  |d 301708 
952 |0 0  |1 0  |4 0  |6 179_900000000000000_SIS_1992  |7 0  |8 A  |9 361250  |a BIBEDU  |b BIBEDU  |d 2019-11-21  |i 3845907  |o 179.9 SIS 1992  |p 3845907  |r 2019-11-21  |w 2019-11-21  |y BK  |k FIL